MARC

LEADER 00000nam0a2200000 4500
001 314086
005 20231102002637.0
035 |a (RuTPU)RU\TPU\book\339497 
090 |a 314086 
100 |a 20160208d1975 k y0rusy50 ca 
101 0 |a rus 
102 |a RU 
105 |a a z 001zy 
200 1 |a Диффузионные процессы в сплавах  |e [монография]  |f А. Я. Шиняев  |g Академия наук СССР (АН СССР), Институт металлургии им. А. А. Байкова (ИМЕТ) 
210 |a Москва  |c Наука  |d 1975 
215 |a 228 с.  |c ил. 
320 |a Библиогр.: с. 221-224 
606 1 |a Сплавы  |x Диффузия  |2 stltpush  |3 (RuTPU)RU\TPU\subj\55880  |9 73834 
610 1 |a кристаллические тела 
610 1 |a максимальная жаропрочность 
610 1 |a диффузионные процессы 
610 1 |a монографии 
675 |a 669.018:53  |v 4 
700 1 |a Шиняев  |b А. Я.  |g Анатолий Яковлевич 
712 0 2 |a Академия наук СССР (АН СССР)  |b Институт металлургии им. А. А. Байкова (ИМЕТ)  |c (Москва)  |2 stltpush  |3 (RuTPU)RU\TPU\col\312 
801 1 |a RU  |b 63413507  |c 20160208 
801 2 |a RU  |b 63413507  |c 20200716  |g RCR 
942 |c BK